[Event "Chioggia op-B 13th"]
[Site "Chioggia"]
[Date "2018.09.29"]
[Round "2"]
[White "Passon, Stefano"]
[Black "Battagin, Mose"]
[Result "1-0"]
[WhiteElo "1739"]
[BlackElo "1874"]
[PlyCount "120"]
[EventDate "2018.09.28"]
[EventType "swiss"]
[EventRounds "5"]
[EventCountry "ITA"]
[SourceTitle "EXT 2022"]
[Source "ChessBase"]
[SourceDate "2021.10.06"]
[SourceVersion "1"]
[SourceVersionDate "2021.10.06"]
[SourceQuality "1"]

1. e4 d6 2. Nc3 g6 3. d4 Nf6 4. Be3 c6 5. Qd2 Bg7 6. Nf3 Bg4 7. h3 Bxf3 8. gxf3 Nbd7 9. Be2 b5 10. Bh6 Bxh6 11. Qxh6 Qb6 12. Qe3 e5 13. Rd1 0-0 14. d5 c5 15. Bxb5 Rab8 16. Bxd7 Nxd7 17. b3 Nf6 18. Qd2 Nh5 19. Ne2 Qd8 20. h4 Qf6 21. Qe3 Rfe8 22. Kf1 Kg7 23. Ng3 Nf4 24. h5 Qd8 25. hxg6 hxg6 26. Ne2 Qf6 27. Nxf4 exf4 28. Qd2 Rh8 29. Ke2 Qg5 30. Rhg1 Qe5 31. Rg4 g5 32. Rdg1 f6 33. Rxf4 Rbe8 34. Rfg4 Kf7 35. Qe3 Qb2 36. Kd2 Rhg8 37. f4 Qxa2 38. fxg5 Qa5+ 39. Qc3 Qxc3+ 40. Kxc3 Rxg5 41. Rxg5 fxg5 42. Kd3 Kf6 43. Rh1 Re7 44. Rh6+ Ke5 45. Ke3 a6 46. Rg6 a5 47. Rxg5+ Kf6 48. Rg8 a4 49. bxa4 Ra7 50. Re8 Ra6 51. f4 Kf7 52. Re6 Rxa4 53. Rxd6 Ke7 54. Rc6 Rc4 55. e5 Rxc2 56. Rc7+ Kd8 57. d6 Rc4 58. f5 Rc1 59. Ke4 c4 60. Kd4 Rd1+ 1-0